|
|
|
|
| LEADER |
00000naa2a2200000 4500 |
| 001 |
591100 |
| 005 |
20231102022342.0 |
| 035 |
|
|
|a (RuTPU)RU\TPU\tpu\1052
|
| 035 |
|
|
|a TPU00001052
|
| 090 |
|
|
|a 591100
|
| 100 |
|
|
|a 20011210a1964 k y0rusy50 ca
|
| 101 |
0 |
|
|a rus
|
| 102 |
|
|
|a RU
|
| 200 |
1 |
|
|a Движение релятивистских электронов с ориентированным спином в постоянном и однородном магнитном поле
|f А. А. Соколов, И. М. Тернов, В. Г. Багров
|
| 320 |
|
|
|a Библиогр.: 19 назв.
|
| 461 |
|
0 |
|0 (RuTPU)RU\TPU\prd\191
|x 0021-3411
|t Известия вузов. Физика
|l Russian Physics Journal
|d 1958-2017, 2020-
|
| 463 |
|
0 |
|0 (RuTPU)RU\TPU\prd\76654
|t № 6
|v С. 41-50
|d 1964
|
| 610 |
1 |
|
|a физика
|
| 610 |
1 |
|
|a релятивистские электроны
|
| 610 |
1 |
|
|a движение
|
| 610 |
1 |
|
|a магнитные поля
|
| 610 |
1 |
|
|a труды учёных ТПУ
|
| 700 |
|
1 |
|a Соколов
|b А. А.
|
| 701 |
|
1 |
|a Тернов
|b И. М.
|c физик-теоретик
|c доктор физико-математических наук, профессор, проректор МГУ
|f 1921-1996
|g Игорь Михайлович
|2 stltpush
|3 (RuTPU)RU\TPU\pers\44260
|9 21789
|
| 701 |
|
1 |
|a Багров
|b В. Г.
|c физик
|c профессор Томского государственного университета
|f 1938-
|g Владислав Гаврилович
|2 stltpush
|3 (RuTPU)RU\TPU\pers\19767
|
| 801 |
|
0 |
|a RU
|b 63413507
|c 20011210
|g PSBO
|
| 801 |
|
2 |
|a RU
|b 63413507
|c 20220726
|g PSBO
|
| 942 |
|
|
|c BK
|